Tratado de explotación de los transportes : (Registro nro. 12540)

Detalles MARC
000 -LEADER
fixed length control field 01215nam a2200241Ia 4500
003 - CONTROL NUMBER IDENTIFIER
control field OSt
005 - DATE AND TIME OF LATEST TRANSACTION
control field 20210929163410.0
008 - FIXED-LENGTH DATA ELEMENTS--GENERAL INFORMATION
fixed length control field 210310s1954 sp ad gr 000 0 spa d
040 ## - CATALOGING SOURCE
Original cataloging agency CO-JMCR
Transcribing agency CO-JMCR
041 1# - LANGUAGE CODE
Language code of text/sound track or separate title spa
Language code of original fra
082 04 - DEWEY DECIMAL CLASSIFICATION NUMBER
Classification number 385 /
Item number G876t
Edition number 23
100 1# - MAIN ENTRY--PERSONAL NAME
Personal name Groote, Paul de,
Relator term autor
9 (RLIN) 28515
245 10 - TITLE STATEMENT
Title Tratado de explotación de los transportes :
Remainder of title economía de los transportes, transportes interiores, transportes marítimos /
Statement of responsibility, etc. Paul de Groote ; traducción del francés por Enrique Alau Gomez-Acebo
260 ## - PUBLICATION, DISTRIBUTION, ETC.
Place of publication, distribution, etc. Madrid, España :
Name of publisher, distributor, etc. Agilar,
Date of publication, distribution, etc. 1954.
300 ## - PHYSICAL DESCRIPTION
Extent 314 páginas :
Other physical details ilustraciones y gráficas en blanco y negro ;
Dimensions 23 cm.
490 0# - SERIES STATEMENT
Series statement Biblioteca de Ciencias Sociales
505 0# - FORMATTED CONTENTS NOTE
Formatted contents note Caracteres generales de los transportes. -- Transportes terrestres. -- Transporte por carretera. -- Transporte por carril. -- Los transportes por aguas interiores. -- Coexistencia de los diversos modos de transporte interior. -- Transportes marítimos.
650 14 - SUBJECT ADDED ENTRY--TOPICAL TERM
Topical term or geographic name entry element Explotación de transportes
9 (RLIN) 40869
650 24 - SUBJECT ADDED ENTRY--TOPICAL TERM
Topical term or geographic name entry element Transporte marítimo
General subdivision Explotación
9 (RLIN) 40870
650 24 - SUBJECT ADDED ENTRY--TOPICAL TERM
Topical term or geographic name entry element Transporte terrestre
General subdivision Explotación
9 (RLIN) 40871
700 1# - ADDED ENTRY--PERSONAL NAME
Personal name Gomez-Acebo, Enrique Alau
Relator term autor
9 (RLIN) 40872
942 ## - ADDED ENTRY ELEMENTS (KOHA)
Source of classification or shelving scheme Dewey Decimal Classification
Koha item type Books
Existencias
Withdrawn status Lost status Source of classification or shelving scheme Damaged status Not for loan Home library Current library Shelving location Date acquired Source of acquisition Full call number Barcode Date last seen Copy number Price effective from Koha item type
    Dewey Decimal Classification     Biblioteca Pública José María del Castillo y Rada Biblioteca Pública José María del Castillo y Rada General Stacks 04/15/2018 Donación 385 / G876t 430000194 05/16/2024 Ej.1 03/10/2021 Books